000 00973nam a22003137a 4500
001 0074
003 DO-SdBPM
005 20260602142318.0
007 ta
008 151111b2006 xx ||||| |||| 00| 0 spa d
020 _a9780829746297
040 _aDO-SdBPM
_bspa
_cBPMSU
_erda
082 0 4 _a155.5
_bT747L 2006
_222
100 1 _aTownsend, John
_eautor
_4aut.
245 1 0 _aLímites con los adolescentes:
_b cuándo decir sí, cómo decir no /
_cJohn Townsend Sims.
260 _a
_b
_c
264 _aMiami,, Florida:
_bEditorial Vida,
_c2006
300 _a158 páginas :
_c22 cm.
336 _atexto
_btxt
_2rdacontent
337 _asin mediación
_bn
_2rdamedia
338 _avolumen
_bnc
_2rdacarrier
590 _aInventariado, 2026/VM
650 7 _aConducta (Psicología)
650 _a
650 7 _aPsicologia del adolescente
650 7 _aAdolescentes
_xRelaciones familiares
910 _aVMateo V. Control de calidad. BPMSU
942 _2ddc
_cBK
999 _c15898
_d15898